Online Catalogue and eLibrary

Udalie thiraiyaha : (Record no. 1273)

MARC details
000 -LEADER
fixed length control field 00382nam a2200145Ia 4500
005 - DATE AND TIME OF LATEST TRANSACTION
control field 20250707031801.0
008 - FIXED-LENGTH DATA ELEMENTS--GENERAL INFORMATION
fixed length control field 240331s9999 xx 000 0 und d
082 ## - DDC Classification
Class No. 302.234
Item Number - Author Mark SIV
100 ## - MAIN ENTRY--PERSONAL NAME
Personal name Sivakumar,
245 #0 - TITLE STATEMENT
Title Udalie thiraiyaha :
Remainder of title thakaval thodarpu udaakanal
260 ## - PUBLICATION, DISTRIBUTION, ETC.
Place of publication, distribution, etc. Banglore
Name of publisher, distributor, etc. Luxmi Sundaram
Date of publication, distribution, etc. 1995
300 ## - PHYSICAL DESCRIPTION
Extent (e.g. Volumes, Pages etc.) 148 p.,
500 ## - GENERAL NOTE
General note Essays on mass media
942 ## - Koha item type (Biblio)
Koha item type Books in Stacks (Lending)
Holdings
Lost status Damaged status Collection code Home library Current library Shelving location Date acquired Full call number Accession Number Item type
    Lending WERC Library WERC Library Social Science Cupboard 03/31/2024 302.234 SIV 2244 Books in Stacks (Lending)

© WERC Library